Podział administracyjny Holandii - Statystyki

Ogólne statystyki
  • Ten quiz został rozwiązany 6 razy
  • Średni wynik to 5 z 12
Statystyki odpowiedzi
Obrazkowy Odpowiedź % Poprawnych
Brabancja Północna
100%
Fryzja
75%
Utrecht
75%
Groningen
67%
Curaçao
50%
Saba
50%
Zelandia
50%
Drenthe
40%
Holandia Południowa
40%
Sint Maarten
40%
Geldria
33%
Limburgia
33%
Overijssel
33%
Sint Eustatius
33%
Aruba
25%
Bonaire
0%
Flevoland
0%
Holandia Północna
0%
Nie znaleziono quizów pasujących do podanych kryteriów
Rozkład punktacji
Procent ludzi z każdym wynikiem
Percentyl według liczby udzielonych odpowiedzi
Twoja historia wyników
Nie rozwiązałeś tego quizu